Návrh systému prijímania a uvoľňovania zamestnancov v podniku SAM - SHIPBUILDING AND MACHINERY a. s.

Saved in:
Bibliographic Details
Main Author: Janík, Noémi, 1990- (Author)
Other Authors: Szabó, Peter, 1983- (Thesis advisor)
Format: Manuscript Book
Language:Slovak
Published: Trnava : STU v Bratislave MTF UPMK, 2014
Subjects:
Online Access:VAIS
Tags: Add Tag
No Tags, Be the first to tag this record!

MARC

LEADER 00000ntm a22000003a 4500
001 stu290904
005 20150617230302.4
008 140610s2014----xo------------------slo-d
040 |a STU  |b slo 
041 0 |a slo 
044 |a xo 
100 1 |a Janík, Noémi,  |d 1990-  |4 aut  |u M  |T MTF Materiálovotechnologická fakulta  |X 69270  |U M  |Y 60  |7 A000069270 
242 0 0 |a Proposal for a system of recruitment and release of employees in the company SAM - SHIPBUILDING AND MACHINERY a.s.   |y eng 
245 1 |a Návrh systému prijímania a uvoľňovania zamestnancov v podniku SAM - SHIPBUILDING AND MACHINERY a. s. 
260 |a Trnava :  |b STU v Bratislave MTF UPMK,  |c 2014 
300 |a 88s  |c CD 
650 7 |a priemyselné manažérstvo  |2 stusub 
650 7 |a Industrial Management  |2 estusub 
650 7 |a spoločnosť  |2 stusub 
700 1 |a Szabó, Peter,  |d 1983-  |4 ths  |u M8700  |U MTF Materiálovotechnologická fakulta  |T MTF Výučbové stredisko Komárno  |X 19244  |U M8700  |Y 254  |7 A000019244 
856 4 |a info a plný text  |u http://is.stuba.sk/zp/portal_zp.pl?podrobnosti=98978  |3 VAIS 
996 |c M*DP-12060  |l MMSKP  |s P  |a 0  |w stu290904_0001